| 000 | 01201nam a22002657a 4500 | ||
|---|---|---|---|
| 005 | 20090303151511.0 | ||
| 008 | 090212t xxu||||| |||| 00| 0 eng d | ||
| 010 | _aTEL-5036 | ||
| 020 | _cRs.100.00 | ||
| 035 | _aTL-4042 | ||
| 037 | _bDBAD / PUB | ||
| 040 |
_adpl _bTelugu |
||
| 082 | _a613.96 | ||
| 100 | _aసమరం, జి. | ||
| 245 |
_aడాక్టర్ సమరాన్నిఅడుగుదాం... / _cజి.సమరం |
||
| 246 |
_aDoctor Samaraanni adugudhaam... _bG.Samaram |
||
| 260 |
_aవిజయవాడ _bఋషి ప్రచురణలు _c2008 |
||
| 270 |
_aమెయిన్ రోడ్, హనుమాన్ పేట _bవిజయవాడ _e520 003 |
||
| 300 |
_a200పే. _c23 సె.మీ. |
||
| 490 | _aఇంటింటికి వైద్య విజ్ఞాన గ్రంథాలు | ||
| 650 |
_aసెక్స్(విజ్ఞానం) _xఆరోగ్యం |
||
| 650 |
_aSex (Psychology) _xHealth aspects |
||
| 942 |
_2ddc _cTL _h613.96 _m/ SAM |
||
| 999 |
_c24706 _d24706 |
||